000 00668cam a22002413a 4500
001 32754
003 PGUSA
005 20140828083717.0
008 100609s2010||||xxu|||||s|||||000 1 eng d
040 _aPGUSA
_beng
042 _adc
050 4 _aPS
100 1 _aYerxa, Leroy,
_d1915-1946
245 1 0 _aOne-Way Ticket to Nowhere
_h[electronic resource] /
_cLeroy Yerxa
260 _bProject Gutenberg,
_c2010
506 _aPublic domain in the USA.
516 _aElectronic text
653 _aScience fiction
653 _aMonorail railroads -- Fiction
830 0 _aProject Gutenberg
_v32754
856 4 0 _uhttp://www.gutenberg.org/ebooks/32754
942 _cEB
999 _c262009
_d262009